00484nam a2200109 a 45000010005000000030005000050050017000100080041000270400026000682450231000942600049003254286CDMR20130926114440.0130130s1925||||||||||||||||||||||||||||d aCDMRbcatcCPC GIRONA 0aCámara oficial del libro de Barcelonab: Real decreto de 23 de julio de 1925, perfeccionando la reglamentación de las Cámaras y del Comité Oficial del Libro y la de la Comisión delegada para fijar el precio del papel c1925bCámara Ofical del Libro de Barcelona